[Event "Bad Griesbach Seniors op 23rd"]
[Site "Bad Griesbach"]
[Date "2021.11.15"]
[Round "2"]
[White "Hamlack, Heinz"]
[Black "Alefs, Heinz"]
[Result "1-0"]
[WhiteElo "1971"]
[BlackElo "1665"]
[PlyCount "75"]
[EventDate "2021.11.14"]
[EventType "swiss"]
[EventRounds "7"]
[EventCountry "GER"]
[SourceTitle "EXT 2024"]
[Source "ChessBase"]
[SourceDate "2023.10.10"]
[SourceVersion "1"]
[SourceVersionDate "2023.10.10"]
[SourceQuality "1"]

1. c4 c5 2. Nf3 Nc6 3. g3 Nf6 4. Bg2 g6 5. 0-0 Bg7 6. Nc3 0-0 7. d4 cxd4 8. Nxd4 a6 9. e4 e5 10. Nc2 Rb8 11. Bg5 h6 12. Be3 b5 13. Bc5 Re8 14. Bd6 Rb7 15. c5 b4 16. Nd5 Nxd5 17. exd5 Ne7 18. Bxe7 Qxe7 19. d6 Qe6 20. Bd5 Qh3 21. Qf3 Qf5 22. Bxb7 Qxc2 23. Bd5 Rf8 24. Rac1 Qf5 25. Qxf5 gxf5 26. Rfd1 e4 27. Rc2 Bf6 28. c6 dxc6 29. Bxc6 Be6 30. Bd5 Bd7 31. Rc7 Bb5 32. Bc4 Bxc4 33. Rxc4 Rb8 34. d7 Rd8 35. Rxb4 Kf8 36. Rb6 a5 37. b3 Ra8 38. Rxf6 1-0

[Event "Bad Wiessee Senioren Cup 8th"]
[Site "Bad Wiessee"]
[Date "2019.05.16"]
[Round "6"]
[White "Braeu, Ludwig"]
[Black "Alefs, Heinz"]
[Result "1-0"]
[WhiteElo "1847"]
[BlackElo "1664"]
[PlyCount "73"]
[EventDate "2019.05.11"]
[EventType "swiss"]
[EventRounds "9"]
[EventCountry "GER"]
[SourceTitle "EXT 2020"]
[Source "ChessBase"]
[SourceDate "2019.10.17"]
[SourceVersion "1"]
[SourceVersionDate "2019.10.17"]
[SourceQuality "1"]

1. c4 c5 2. Nf3 Nf6 3. d4 cxd4 4. Nxd4 Nc6 5. Nc3 a6 6. e4 d6 7. Be2 g6 8. Be3 Bg7 9. 0-0 Nxd4 10. Bxd4 e5 11. Be3 0-0 12. f3 Be6 13. Qd2 Qc7 14. b3 Rac8 15. Rac1 Ne8 16. Nd5 Bxd5 17. cxd5 Qd7 18. Rxc8 Qxc8 19. Rc1 Qd7 20. Qa5 f5 21. exf5 Rxf5 22. b4 Bf6 23. b5 Bd8 24. Qb4 a5 25. Qc4 Bg5 26. Qc3 Bxe3+ 27. Qxe3 Nc7 28. b6 Ne8 29. Qb3 Rf4 30. Bb5 Qd8 31. Bxe8 Qxe8 32. Rc7 Rf7 33. Qc3 Kg7 34. Qxa5 e4 35. Qc3+ Kh6 36. Qe3+ g5 37. Qxe4 1-0

[Event "Bad Wiessee Senioren Cup 8th"]
[Site "Bad Wiessee"]
[Date "2019.05.15"]
[Round "5"]
[White "Alefs, Heinz"]
[Black "Lubberich, Alfred"]
[Result "1/2-1/2"]
[WhiteElo "1664"]
[BlackElo "1816"]
[PlyCount "87"]
[EventDate "2019.05.11"]
[EventType "swiss"]
[EventRounds "9"]
[EventCountry "GER"]
[SourceTitle "EXT 2020"]
[Source "ChessBase"]
[SourceDate "2019.10.17"]
[SourceVersion "1"]
[SourceVersionDate "2019.10.17"]
[SourceQuality "1"]

1. c4 e6 2. Nc3 d5 3. cxd5 exd5 4. d4 Nf6 5. g3 Be7 6. Bg2 Bf5 7. Nf3 h6 8. 0-0 0-0 9. Bf4 c6 10. Ne5 Nbd7 11. Rc1 Re8 12. Re1 Rc8 13. f3 Bd6 14. Nxf7 Kxf7 15. Bxd6 Nb6 16. Bf4 g5 17. Be5 Nc4 18. Bxf6 Qxf6 19. e4 Be6 20. e5 Qg6 21. Qe2 Bf5 22. b3 Bd3 23. Qf2 Na3 24. Bh3 Rc7 25. f4 g4 26. Bg2 Rce7 27. Bf1 Bf5 28. Red1 b5 29. Qb2 b4 30. Na4 h5 31. Rc5 h4 32. Rdc1 Re6 33. Ra5 R6e7 34. Rac5 Rc7 35. Rxd5 hxg3 36. hxg3 Rh8 37. Rd6 Qh7 38. Rf6+ Ke7 39. Bg2 Qh2+ 40. Kf1 Bd3+ 41. Kf2 Be4 42. Rg1 Rh3 43. Kf1 Rxg3 44. Qf2 1/2-1/2

[Event "Wuertemberg-ch Seniors 27th"]
[Site "Freudenstadt"]
[Date "2015.07.10"]
[Round "9"]
[White "Pottgiesser, Ulrich"]
[Black "Alefs, Heinz"]
[Result "1/2-1/2"]
[WhiteElo "1711"]
[BlackElo "1747"]
[PlyCount "46"]
[EventDate "2015.07.03"]
[EventType "swiss"]
[EventRounds "9"]
[EventCountry "GER"]
[SourceTitle "EXT 2016"]
[Source "ChessBase"]
[SourceDate "2015.10.08"]
[SourceVersion "1"]
[SourceVersionDate "2015.10.08"]
[SourceQuality "1"]

1. e4 g6 2. d4 Bg7 3. Nc3 d6 4. Nf3 Nc6 5. Be3 a6 6. h3 b5 7. a3 e6 8. b4 Nf6 9. Bd3 0-0 10. 0-0 Bb7 11. Qd2 Ne8 12. Rfe1 e5 13. d5 Nd4 14. Be2 c5 15. dxc6 Nxe2+ 16. Rxe2 Bxc6 17. Qd3 Rc8 18. Rd1 Qc7 19. Nd5 Qb7 20. Bc1 f5 21. Qb3 Kh8 22. Ng5 Bxd5 23. Qxd5 Qe7 1/2-1/2

[Event "Wuertemberg-ch Seniors 27th"]
[Site "Freudenstadt"]
[Date "2015.07.07"]
[Round "5"]
[White "Woelbl, Josef"]
[Black "Alefs, Heinz"]
[Result "1-0"]
[WhiteElo "1891"]
[BlackElo "1747"]
[PlyCount "65"]
[EventDate "2015.07.03"]
[EventType "swiss"]
[EventRounds "9"]
[EventCountry "GER"]
[SourceTitle "EXT 2016"]
[Source "ChessBase"]
[SourceDate "2015.10.08"]
[SourceVersion "1"]
[SourceVersionDate "2015.10.08"]
[SourceQuality "1"]

1. Nf3 d5 2. c4 e6 3. e3 Nf6 4. Nc3 a6 5. cxd5 exd5 6. d4 Bg4 7. Qb3 b6 8. Ne5 Be6 9. Qa4+ Bd7 10. Qc2 Bd6 11. Nf3 h6 12. Bd3 Nc6 13. a3 Ne7 14. 0-0 c5 15. dxc5 bxc5 16. e4 c4 17. Bxc4 Bxh2+ 18. Nxh2 dxc4 19. Be3 0-0 20. Rad1 Qa5 21. Bd4 Qg5 22. Bxf6 gxf6 23. Rxd7 Ng6 24. Qd2 Ne5 25. Rd5 Qg7 26. Rc5 Kh8 27. f4 Rad8 28. Qe2 Nd3 29. Rxc4 Rg8 30. Nd5 f5 31. Ne7 Nxf4 32. Rxf4 Rd1+ 33. Rf1 1-0

[Event "Wuertemberg-ch Seniors 27th"]
[Site "Freudenstadt"]
[Date "2015.07.04"]
[Round "2"]
[White "Alefs, Heinz"]
[Black "Dotan, Valeria"]
[Result "0-1"]
[WhiteElo "1747"]
[BlackElo "1919"]
[PlyCount "70"]
[EventDate "2015.07.03"]
[EventType "swiss"]
[EventRounds "9"]
[EventCountry "GER"]
[SourceTitle "EXT 2016"]
[Source "ChessBase"]
[SourceDate "2015.10.08"]
[SourceVersion "1"]
[SourceVersionDate "2015.10.08"]
[SourceQuality "1"]

1. c4 e5 2. Nc3 Nf6 3. e3 Nc6 4. a3 a5 5. g3 d6 6. Bg2 Bd7 7. Nge2 Be7 8. 0-0 Qc8 9. d4 Bh3 10. f3 h5 11. d5 Nb8 12. Ne4 Nxe4 13. fxe4 h4 14. Qe1 Bxg2 15. Kxg2 Qg4 16. Qf2 Qxe4+ 17. Kg1 Bf6 18. Qf5 Qxf5 19. Rxf5 hxg3 20. Nxg3 Ke7 21. e4 Nd7 22. Bd2 Bh4 23. Raf1 f6 24. R5f3 Bxg3 25. Rxg3 Kf7 26. b4 axb4 27. Bxb4 Rh4 28. Re1 b6 29. Kg2 Nf8 30. h3 Ng6 31. Bd2 Ra4 32. Rc1 Rxe4 33. Kf3 Rexc4 34. Rcg1 Rxa3+ 35. Be3 Nh4+ 0-1

[Event "Bayern-ch Seniors op 27th"]
[Site "Bergen"]
[Date "2015.06.15"]
[Round "4"]
[White "Alefs, Heinz"]
[Black "Rudek, Gerald"]
[Result "1-0"]
[WhiteElo "1567"]
[BlackElo "1453"]
[PlyCount "65"]
[EventDate "2015.06.15"]
[EventType "swiss"]
[EventRounds "9"]
[EventCountry "GER"]
[SourceTitle "EXT 2019"]
[Source "ChessBase"]
[SourceDate "2018.10.10"]
[SourceVersion "1"]
[SourceVersionDate "2018.10.10"]
[SourceQuality "1"]

1. d4 f5 2. g3 Nf6 3. Bg5 e6 4. c4 Be7 5. Nc3 0-0 6. Bg2 c6 7. Nf3 d6 8. 0-0 Qc7 9. Re1 e5 10. dxe5 dxe5 11. Qc2 Be6 12. b3 Na6 13. a3 Nc5 14. Nh4 g6 15. b4 Na6 16. c5 Rad8 17. Bh3 Nd5 18. Bh6 Rf7 19. e4 Nxc3 20. Qxc3 Bxh4 21. exf5 Bxf5 22. Bxf5 Rxf5 23. gxh4 Rd5 24. Re4 Qf7 25. Qg3 Nc7 26. Rae1 Rf3 27. Qg2 Rxa3 28. h5 Rad3 29. hxg6 hxg6 30. Rg4 Rd1 31. Rxg6+ Kh7 32. Rg7+ Kxh6 33. Qg5# 1-0

[Event "Bayern-ch op Seniors 26th"]
[Site "Bergen"]
[Date "2014.06.28"]
[Round "9"]
[White "Alefs, Heinz"]
[Black "Nieswandt, Joseph"]
[Result "1-0"]
[WhiteElo "1627"]
[BlackElo "1443"]
[PlyCount "67"]
[EventDate "2014.06.21"]
[EventType "swiss"]
[EventRounds "7"]
[EventCountry "GER"]
[SourceTitle "EXT 2018"]
[Source "ChessBase"]
[SourceDate "2017.10.13"]
[SourceVersion "1"]
[SourceVersionDate "2017.10.13"]
[SourceQuality "1"]

1. d4 d5 2. Nf3 c6 3. e3 Nf6 4. Bd3 Bg4 5. b3 Nbd7 6. Nbd2 e6 7. h3 Bh5 8. Bb2 Bb4 9. c3 Bd6 10. 0-0 Qc7 11. Qe1 Bg6 12. e4 dxe4 13. Bxe4 0-0-0 14. c4 Bf4 15. Bxg6 hxg6 16. Ne4 Nxe4 17. Qxe4 Nf6 18. Qe2 Rh5 19. Ne5 Rdh8 20. Qf3 Rf5 21. Qe2 Rfh5 22. Qf3 g5 23. Rfe1 Bxe5 24. dxe5 g4 25. Qd3 Rxh3 26. gxh3 Rxh3 27. Qd6 Qd7 28. Qf8+ Ne8 29. Rad1 Rd3 30. Rxd3 Qxd3 31. Qxe8+ Kc7 32. Qe7+ Kb6 33. Qd6 Qf5 34. Bd4+ 1-0

[Event "Bayern-ch op Seniors 26th"]
[Site "Bergen"]
[Date "2014.06.25"]
[Round "6"]
[White "Huetter, Heinz"]
[Black "Alefs, Heinz"]
[Result "0-1"]
[WhiteElo "1438"]
[BlackElo "1627"]
[PlyCount "76"]
[EventDate "2014.06.21"]
[EventType "swiss"]
[EventRounds "7"]
[EventCountry "GER"]
[SourceTitle "EXT 2018"]
[Source "ChessBase"]
[SourceDate "2017.10.13"]
[SourceVersion "1"]
[SourceVersionDate "2017.10.13"]
[SourceQuality "1"]

1. Nf3 f5 2. g3 g6 3. c4 Bg7 4. d3 d6 5. Bg2 Nf6 6. 0-0 0-0 7. Qc2 e5 8. Nc3 c6 9. a3 a5 10. Bd2 Qe8 11. b4 e4 12. Ng5 h6 13. Nh3 axb4 14. axb4 Rxa1 15. Rxa1 d5 16. Re1 Na6 17. Qb3 d4 18. Na4 Kh7 19. c5 Be6 20. Qb1 g5 21. Nb6 Bf7 22. Kh1 Nc7 23. Nc4 Bxc4 24. dxc4 Qe5 25. f4 Qe6 26. fxg5 Ng4 27. gxh6 Bxh6 28. Bg5 Qg6 29. Bh4 Ne6 30. Kg1 Be3+ 31. Kh1 Ra8 32. Rf1 Kh6 33. Qc2 Ra3 34. Qb2 Rc3 35. Qa2 d3 36. exd3 exd3 37. Bf3 Rc2 38. Qa8 Rxh2# 0-1

[Event "Bad Woerishofen Seniors op 30th"]
[Site "Bad Woerishofen"]
[Date "2014.03.29"]
[Round "9"]
[White "Aigner, Georg"]
[Black "Alefs, Heinz"]
[Result "1-0"]
[WhiteElo "1894"]
[BlackElo "1823"]
[PlyCount "55"]
[EventDate "2014.03.21"]
[EventType "swiss"]
[EventRounds "9"]
[EventCountry "GER"]
[SourceTitle "EXT 2019"]
[Source "ChessBase"]
[SourceDate "2018.10.10"]
[SourceVersion "1"]
[SourceVersionDate "2018.10.10"]
[SourceQuality "1"]

1. e4 e6 2. d4 d5 3. Nd2 dxe4 4. Nxe4 Be7 5. Nf3 Nf6 6. Qd3 b6 7. Be2 Bb7 8. Ng3 Nbd7 9. Bg5 Nd5 10. Bd2 Rc8 11. a3 Bd6 12. Nh5 Bf8 13. Ng5 N5f6 14. Bf3 c6 15. 0-0 Nxh5 16. Bxh5 g6 17. Bg4 Bg7 18. Bxe6 fxe6 19. Nxe6 Qf6 20. Bg5 Qxe6 21. Rfe1 Ne5 22. Rxe5 Bxe5 23. Re1 Bxh2+ 24. Kf1 Qxe1+ 25. Kxe1 Bd6 26. Qh3 Kf7 27. Qd7+ Kg8 28. Bh6 1-0

[Event "Bad Woerishofen Seniors op 30th"]
[Site "Bad Woerishofen"]
[Date "2014.03.22"]
[Round "2"]
[White "Alefs, Heinz"]
[Black "Girod, Gudrun"]
[Result "1-0"]
[WhiteElo "1823"]
[BlackElo "1565"]
[PlyCount "67"]
[EventDate "2014.03.21"]
[EventType "swiss"]
[EventRounds "9"]
[EventCountry "GER"]
[SourceTitle "EXT 2019"]
[Source "ChessBase"]
[SourceDate "2018.10.10"]
[SourceVersion "1"]
[SourceVersionDate "2018.10.10"]
[SourceQuality "1"]

1. d4 d5 2. Nf3 e6 3. Bf4 Nf6 4. e3 h6 5. Bd3 Bd6 6. 0-0 Bxf4 7. exf4 Nbd7 8. Nbd2 0-0 9. Ne5 c5 10. dxc5 Nxc5 11. Be2 Qb6 12. b3 Bd7 13. c4 Bc6 14. cxd5 Bxd5 15. Ndc4 Bxc4 16. Nxc4 Qd8 17. Qc2 Rc8 18. Rfd1 Qc7 19. g3 Rfd8 20. Ne5 Qb6 21. Bf3 Ncd7 22. Qe2 Nxe5 23. fxe5 Nd7 24. Rd3 Nc5 25. Rc3 Nd7 26. Rxc8 Rxc8 27. Rd1 Nc5 28. Qc4 Qc7 29. Rc1 Qd8 30. b4 b5 31. Qc2 Qg5 32. bxc5 Qxe5 33. c6 a6 34. c7 1-0

[Event "Bayern-ch Seniors 25th"]
[Site "Bergen"]
[Date "2013.06.22"]
[Round "9.34"]
[White "David, Juergen"]
[Black "Alefs, Heinz"]
[Result "0-1"]
[WhiteElo "1368"]
[BlackElo "1624"]
[PlyCount "54"]
[EventDate "2013.06.15"]
[EventType "swiss"]
[EventRounds "9"]
[EventCountry "GER"]
[SourceTitle "EXT 2022"]
[Source "ChessBase"]
[SourceDate "2021.10.06"]
[SourceVersion "1"]
[SourceVersionDate "2021.10.06"]
[SourceQuality "1"]

1. d4 Nf6 2. Nf3 d6 3. c4 Bg4 4. e3 Nbd7 5. Be2 e6 6. Nfd2 Bf5 7. Nc3 e5 8. d5 Be7 9. e4 Bg6 10. 0-0 0-0 11. f4 exf4 12. Rxf4 Ne5 13. h3 c6 14. Rf1 Qb6+ 15. Kh1 Qd4 16. Nb3 Qxd1 17. Rxd1 Bxe4 18. Nxe4 Nxe4 19. Nd4 Nf2+ 20. Kg1 Nxd1 21. Bxd1 c5 22. Nf5 Rfe8 23. b3 g6 24. Ne3 Bf6 25. Rb1 Nd3 26. Bc2 Nxc1 27. Rxc1 Rxe3 0-1

[Event "Bayern-ch Seniors 25th"]
[Site "Bergen"]
[Date "2013.06.19"]
[Round "6.27"]
[White "Alefs, Heinz"]
[Black "Koenigl, Anton"]
[Result "1-0"]
[WhiteElo "1624"]
[BlackElo "1713"]
[PlyCount "107"]
[EventDate "2013.06.15"]
[EventType "swiss"]
[EventRounds "9"]
[EventCountry "GER"]
[SourceTitle "EXT 2022"]
[Source "ChessBase"]
[SourceDate "2021.10.06"]
[SourceVersion "1"]
[SourceVersionDate "2021.10.06"]
[SourceQuality "1"]

1. d4 g6 2. Nf3 Bg7 3. e4 d6 4. Nc3 c6 5. Be2 Nf6 6. 0-0 Nbd7 7. e5 dxe5 8. dxe5 Ng4 9. e6 fxe6 10. Nd4 Nb6 11. Nxe6 Bxe6 12. Bxg4 Bf7 13. Qf3 0-0 14. Rd1 Qc7 15. Qh3 Rad8 16. Bh6 Rxd1+ 17. Rxd1 Qe5 18. Bxg7 Kxg7 19. Qd3 Qc7 20. b3 Kg8 21. a4 Qe5 22. Qd4 Qg5 23. Ne4 Qf4 24. g3 Qc7 25. c4 a5 26. Ng5 h6 27. Nxf7 Kxf7 28. Qd3 Qe5 29. Kf1 Kg7 30. Re1 Qf6 31. Qd2 e5 32. Re3 h5 33. Bh3 Rf7 34. Rd3 Na8 35. Rd6 Qf3 36. Bg2 Qxb3 37. Be4 Rf6 38. Rxf6 Kxf6 39. Qd6+ Kg7 40. Qxg6+ Kf8 41. Qf6+ Kg8 42. Qe6+ Kf8 43. Bg6 Qf3 44. Qe8+ Kg7 45. Bxh5 Qh1+ 46. Ke2 Qe4+ 47. Kd2 Qd4+ 48. Ke1 Qe4+ 49. Be2 Qb1+ 50. Kd2 Qb2+ 51. Ke3 Qd4+ 52. Kf3 Nb6 53. Qe7+ Kg8 54. Qe6+ 1-0

[Event "Bayern-ch Seniors 25th"]
[Site "Bergen"]
[Date "2013.06.18"]
[Round "4.17"]
[White "Alefs, Heinz"]
[Black "Schurig, Wilhelm"]
[Result "1/2-1/2"]
[WhiteElo "1624"]
[BlackElo "1820"]
[PlyCount "57"]
[EventDate "2013.06.15"]
[EventType "swiss"]
[EventRounds "9"]
[EventCountry "GER"]
[SourceTitle "EXT 2022"]
[Source "ChessBase"]
[SourceDate "2021.10.06"]
[SourceVersion "1"]
[SourceVersionDate "2021.10.06"]
[SourceQuality "1"]

1. d4 g6 2. e4 Bg7 3. c4 d6 4. Nc3 a6 5. Be3 c6 6. Nf3 b5 7. Be2 Bb7 8. a3 Nd7 9. 0-0 Ngf6 10. h3 bxc4 11. Bxc4 d5 12. exd5 Nb6 13. dxc6 Bxc6 14. Ba2 Nbd5 15. Ne5 Bb5 16. Re1 0-0 17. Nxb5 axb5 18. Qb3 e6 19. Qxb5 Nxe3 20. fxe3 Rb8 21. Qe2 Qd6 22. Bb1 Nd5 23. Nc4 Qa6 24. Bd3 Rb3 25. Bc2 Rbb8 26. Kh1 Rfc8 27. Bd3 Rb3 28. Rac1 Rcb8 29. Bc2 1/2-1/2

[Event "Bayern-ch Seniors 24nd"]
[Site "Bergen"]
[Date "2012.06.24"]
[Round "9"]
[White "Alefs, Heinz"]
[Black "Neiss, Albrecht"]
[Result "1-0"]
[WhiteElo "1558"]
[BlackElo "1432"]
[PlyCount "85"]
[EventDate "2012.06.16"]
[EventType "swiss"]
[EventRounds "9"]
[EventCountry "GER"]
[SourceTitle "EXT 2015"]
[Source "ChessBase"]
[SourceDate "2014.11.20"]
[SourceVersion "1"]
[SourceVersionDate "2014.11.20"]
[SourceQuality "1"]

1. d4 d5 2. Nf3 Nf6 3. e3 g6 4. Be2 Bg7 5. 0-0 0-0 6. Nbd2 Nbd7 7. b3 Re8 8. Bb2 c5 9. c4 e6 10. Qc2 b6 11. cxd5 exd5 12. Bb5 Bb7 13. dxc5 bxc5 14. Rfd1 Rc8 15. Rac1 a6 16. Bxd7 Nxd7 17. Bxg7 Kxg7 18. Qd3 Qf6 19. Re1 Ne5 20. Nxe5 Rxe5 21. Nf3 Rf5 22. Qf1 Rxf3 23. gxf3 Qxf3 24. Qg2 Qf6 25. Rc2 Ba8 26. f3 c4 27. bxc4 dxc4 28. e4 a5 29. Rec1 Rc5 30. Qf1 Qd4+ 31. Qf2 Rg5+ 32. Kf1 Qd3+ 33. Ke1 Bxe4 34. fxe4 Qxe4+ 35. Re2 Qh1+ 36. Kd2 c3+ 37. Rxc3 Qd5+ 38. Kc1 Rf5 39. Qe3 a4 40. Qd2 Rf1+ 41. Re1 Rxe1+ 42. Qxe1 Qxa2 43. Qe5+ 1-0

[Event "Bayern-ch Seniors 24nd"]
[Site "Bergen"]
[Date "2012.06.23"]
[Round "8"]
[White "Steckel, Werner"]
[Black "Alefs, Heinz"]
[Result "0-1"]
[WhiteElo "1287"]
[BlackElo "1558"]
[PlyCount "56"]
[EventDate "2012.06.16"]
[EventType "swiss"]
[EventRounds "9"]
[EventCountry "GER"]
[SourceTitle "EXT 2015"]
[Source "ChessBase"]
[SourceDate "2014.11.20"]
[SourceVersion "1"]
[SourceVersionDate "2014.11.20"]
[SourceQuality "1"]

1. d4 f5 2. c4 g6 3. Nf3 Bg7 4. Nc3 d6 5. Bf4 Nf6 6. Qc2 0-0 7. Rd1 e6 8. g3 c6 9. Bg2 Qe7 10. 0-0 h6 11. Rfe1 Nh5 12. Bc1 e5 13. e4 f4 14. h3 fxg3 15. fxg3 Nxg3 16. Kh2 Nh5 17. d5 c5 18. Rg1 Nd7 19. Qe2 Nf4 20. Qe1 g5 21. Qg3 Qf7 22. Rdf1 Nf6 23. Qf2 Qh5 24. Qg3 Bd7 25. Rh1 a6 26. Kg1 b5 27. b3 b4 28. Bxf4 exf4 0-1

[Event "Bayern-ch Seniors 24nd"]
[Site "Bergen"]
[Date "2012.06.20"]
[Round "5"]
[White "Stephan, Hubert"]
[Black "Alefs, Heinz"]
[Result "1-0"]
[WhiteElo "1425"]
[BlackElo "1558"]
[PlyCount "161"]
[EventDate "2012.06.16"]
[EventType "swiss"]
[EventRounds "9"]
[EventCountry "GER"]
[SourceTitle "EXT 2015"]
[Source "ChessBase"]
[SourceDate "2014.11.20"]
[SourceVersion "1"]
[SourceVersionDate "2014.11.20"]
[SourceQuality "1"]

1. e4 e6 2. d4 d5 3. Nc3 Bb4 4. Bd3 dxe4 5. Bxe4 Nf6 6. Bg5 h6 7. Bxf6 Qxf6 8. Nf3 Nd7 9. Qd3 Qf4 10. Nd2 Nf6 11. g3 Qd6 12. Bg2 c6 13. Nc4 Qc7 14. 0-0 0-0 15. Ne4 Be7 16. c3 Rd8 17. Qf3 Rb8 18. Nxf6+ Bxf6 19. Nd2 Be7 20. Rfe1 c5 21. Nb3 b6 22. Qe2 c4 23. Nd2 b5 24. d5 Rb6 25. Nf1 Bc5 26. Rad1 Rbd6 27. dxe6 Bxe6 28. Rxd6 Qxd6 29. Bf3 Qb6 30. Nd2 a5 31. a3 b4 32. axb4 axb4 33. Ne4 Bf8 34. Kg2 Qa5 35. Rd1 Rb8 36. h4 bxc3 37. bxc3 Qa3 38. g4 Be7 39. Kg3 Bd8 40. Rd2 Bc7+ 41. Kh3 Qa5 42. h5 Qe5 43. Ng3 Qxc3 44. Rc2 Qd3 45. Qxd3 cxd3 46. Rxc7 Rb2 47. Rc3 Rxf2 48. Rxd3 g6 49. hxg6 fxg6 50. Bd5 Bxd5 51. Rxd5 Kf7 52. Rb5 Rf3 53. Kh4 g5+ 54. Kh3 Kg6 55. Rb6+ Kg7 56. Kg2 Ra3 57. Nf5+ Kf7 58. Nxh6+ Kg7 59. Nf5+ Kf7 60. Kf2 Rd3 61. Rd6 Ra3 62. Rd4 Rc3 63. Re4 Kf6 64. Re3 Rc4 65. Kf3 Rf4+ 66. Kg3 Ra4 67. Rf3 Ra5 68. Nd4+ Kg6 69. Re3 Ra4 70. Nf3 Ra5 71. Re5 Ra3 72. Rxg5+ Kf6 73. Rf5+ Ke6 74. Kh4 Ra1 75. Kh5 Rh1+ 76. Nh4 Rh3 77. g5 Rxh4+ 78. Kxh4 Kxf5 79. Kh5 Ke6 80. Kg6 Ke7 81. Kg7 1-0

[Event "Bayern-ch Seniors 24nd"]
[Site "Bergen"]
[Date "2012.06.18"]
[Round "3"]
[White "Wilfert, Eva Maria"]
[Black "Alefs, Heinz"]
[Result "1/2-1/2"]
[WhiteElo "1439"]
[BlackElo "1558"]
[PlyCount "49"]
[EventDate "2012.06.16"]
[EventType "swiss"]
[EventRounds "9"]
[EventCountry "GER"]
[SourceTitle "EXT 2015"]
[Source "ChessBase"]
[SourceDate "2014.11.20"]
[SourceVersion "1"]
[SourceVersionDate "2014.11.20"]
[SourceQuality "1"]

1. d4 d5 2. Nf3 Nf6 3. Bf4 c6 4. c3 Bf5 5. Qb3 Qb6 6. Qxb6 axb6 7. Nbd2 e6 8. h3 Nbd7 9. e3 Be7 10. Be2 Ne4 11. Nxe4 dxe4 12. Ne5 f6 13. Nxd7 Kxd7 14. a3 g5 15. Bh2 Bg6 16. g4 h5 17. gxh5 Bxh5 18. Bg3 f5 19. Be5 Rh7 20. Kd2 Rf8 21. Rag1 Bxe2 22. Kxe2 Rg8 23. c4 Rg6 24. Rg2 g4 25. Rgh2 1/2-1/2

[Event "Bad Wiessee Seniors op"]
[Site "Bad Wiessee"]
[Date "2012.04.27"]
[Round "7"]
[White "Alefs, Heinz"]
[Black "Bardin, Christian"]
[Result "1/2-1/2"]
[WhiteElo "1650"]
[BlackElo "1620"]
[PlyCount "87"]
[EventDate "2012.04.21"]
[EventType "swiss"]
[EventRounds "9"]
[EventCountry "GER"]
[SourceTitle "EXT 2015"]
[Source "ChessBase"]
[SourceDate "2014.11.20"]
[SourceVersion "1"]
[SourceVersionDate "2014.11.20"]
[SourceQuality "1"]

1. d4 Nf6 2. Bf4 g6 3. Nf3 Bg7 4. e3 0-0 5. Be2 d5 6. 0-0 Nh5 7. Bg5 h6 8. Bh4 Nf6 9. Nbd2 Nbd7 10. c3 c5 11. Bd3 c4 12. Bc2 b5 13. e4 dxe4 14. Nxe4 Bb7 15. Re1 Nxe4 16. Bxe4 Bxe4 17. Rxe4 Nf6 18. Bxf6 Bxf6 19. Qe2 Re8 20. Ne5 Rc8 21. f4 Qd6 22. Rf1 Bg7 23. f5 Bxe5 24. Rxe5 Qd7 25. fxg6 fxg6 26. Re6 Rc6 27. Rff6 Rxe6 28. Qxe6+ Qxe6 29. Rxe6 Kf7 30. Ra6 Ra8 31. Kf2 e6 32. a4 bxa4 33. Rxa4 Rb8 34. Rxa7+ Kf6 35. Ra2 h5 36. h3 Rb5 37. Ra4 Rxb2+ 38. Kf3 g5 39. g4 h4 40. Rxc4 Rh2 41. Rc6 Rxh3+ 42. Kf2 Rd3 43. Ke2 h3 44. Kf2 1/2-1/2

[Event "Bad Wiessee Seniors op"]
[Site "Bad Wiessee"]
[Date "2012.04.24"]
[Round "4"]
[White "Wichmann, Bernhard"]
[Black "Alefs, Heinz"]
[Result "1-0"]
[WhiteElo "1594"]
[BlackElo "1650"]
[PlyCount "23"]
[EventDate "2012.04.21"]
[EventType "swiss"]
[EventRounds "9"]
[EventCountry "GER"]
[SourceTitle "EXT 2015"]
[Source "ChessBase"]
[SourceDate "2014.11.20"]
[SourceVersion "1"]
[SourceVersionDate "2014.11.20"]
[SourceQuality "1"]

1. d4 f5 2. Nf3 Nf6 3. Bg5 g6 4. Bxf6 exf6 5. e3 Bg7 6. Nbd2 0-0 7. h4 Qe8 8. Bc4+ Kh8 9. h5 h6 10. hxg6 Qxg6 11. Nh4 Qh7 12. Qh5 1-0

[Event "Bad Griesbach Seniors op 14th"]
[Site "Bad Griesbach"]
[Date "2011.12.09"]
[Round "6"]
[White "Alefs, Heinz"]
[Black "Klein, Reinhard"]
[Result "1-0"]
[WhiteElo "1645"]
[BlackElo "1759"]
[PlyCount "141"]
[EventDate "2011.12.04"]
[EventType "swiss"]
[EventRounds "7"]
[EventCountry "GER"]
[SourceTitle "EXT 2015"]
[Source "ChessBase"]
[SourceDate "2014.11.20"]
[SourceVersion "1"]
[SourceVersionDate "2014.11.20"]
[SourceQuality "1"]

1. d4 Nf6 2. Nf3 e6 3. e3 c5 4. Bd3 Nc6 5. c3 d5 6. Nbd2 Qc7 7. Qe2 Be7 8. 0-0 cxd4 9. exd4 0-0 10. Ne5 Nd7 11. f4 f5 12. Nxc6 Qxc6 13. Bb5 Qb6 14. Nf3 Nf6 15. Bd3 Ne4 16. c4 Bf6 17. Be3 Bd7 18. c5 Qd8 19. Ne5 Be8 20. b4 a6 21. Rfc1 Rc8 22. a4 Bxe5 23. fxe5 f4 24. Bf2 f3 25. gxf3 Qg5+ 26. Kh1 Nxf2+ 27. Qxf2 Qf4 28. Rc3 Bh5 29. Rf1 Kh8 30. Be2 Rf5 31. Qe3 Be8 32. Qxf4 Rxf4 33. Rd3 Bxa4 34. Ra3 Bc6 35. Rd1 g5 36. h3 Rcf8 37. Kg2 Kg7 38. Rd2 Rh4 39. Ra1 Rff4 40. Bxa6 bxa6 41. Rxa6 Bb5 42. Rxe6 Rxd4 43. Ra2 Rhf4 44. c6 Rf7 45. Rd6 Rc4 46. e6 Re7 47. Rd7 Kf6 48. Raa7 Rxe6 49. Rf7+ Ke5 50. c7 h6 51. Ra8 Rec6 52. Rb8 Rc1 53. f4+ gxf4 54. Rxb5 Rxc7 55. Rxc7 Rxc7 56. Rb6 Rc4 57. Rxh6 Rxb4 58. Rh8 Rb2+ 59. Kf3 Rb3+ 60. Kf2 Kd4 61. h4 Rh3 62. Kg2 Rg3+ 63. Kf2 Kd3 64. Rf8 Rh3 65. Rxf4 d4 66. Kg2 Re3 67. h5 Re8 68. h6 Ke3 69. Rf3+ Ke4 70. Kf2 d3 71. Re3+ 1-0

[Event "Bad Griesbach Seniors op 14th"]
[Site "Bad Griesbach"]
[Date "2011.12.05"]
[Round "2"]
[White "Alefs, Heinz"]
[Black "Jurgan, Brigitte"]
[Result "1-0"]
[WhiteElo "1645"]
[BlackElo "1239"]
[PlyCount "51"]
[EventDate "2011.12.04"]
[EventType "swiss"]
[EventRounds "7"]
[EventCountry "GER"]
[SourceTitle "EXT 2015"]
[Source "ChessBase"]
[SourceDate "2014.11.20"]
[SourceVersion "1"]
[SourceVersionDate "2014.11.20"]
[SourceQuality "1"]

1. d4 d5 2. Nf3 Nf6 3. Bf4 g6 4. e3 a6 5. c4 c6 6. Nc3 Bg4 7. Be2 Bxf3 8. gxf3 Bg7 9. Qb3 Qd7 10. Na4 Ra7 11. Bxb8 b5 12. Nc5 bxc4 13. Qb6 Qc8 14. Qxa7 0-0 15. Nxa6 Qd7 16. Qxd7 Nxd7 17. Bg3 e6 18. b3 Nb6 19. Bc7 Na8 20. bxc4 dxc4 21. Bxc4 Nxc7 22. Nxc7 Rb8 23. 0-0 Bf8 24. Rab1 Rc8 25. Nxe6 fxe6 26. Bxe6+ 1-0